Carregant...

Management accounting

Dades bibliogràfiques
Autor principal: Gupta, Shashi K
Altres autors: Sharma, R K
Format: Printed Book
Idioma:Undetermined
English
Publicat: New Delhi Kalyani Publishers 1994
Matèries:
LEADER 00796nam a2200217Ia 4500
008 140306s9999 xx 000 0 und d
020 |a 8170966914 
041 |a eng 
082 |a 658.1511  |b SHA/MA 
100 |a Gupta, Shashi K 
245 |a Management accounting 
260 |a New Delhi  |b Kalyani Publishers  |c 1994 
300 |a 1246 
365 |b Rs.150 
650 |a Accounting principles 
650 |a Financial management 
700 |a Sharma, R K 
942 |2 ddc  |c BK 
999 |c 179686  |d 179686 
952 |0 0  |1 0  |2 ddc  |4 0  |6 658_151100000000000_SHA_MA  |7 0  |9 184871  |a KAUCBV  |b KAUCBV  |d 2004-04-02  |g 150.00  |o 658.1511 SHA/MA  |r 2014-03-22  |w 2014-03-22  |y BK 
952 |0 0  |1 0  |2 ddc  |4 0  |6 658_151100000000000_SHA_MA  |7 0  |9 184872  |a KAUCBV  |b KAUCBV  |d 2004-04-02  |g 150.00  |l 4  |o 658.1511 SHA/MA  |r 2018-08-03  |s 2018-07-16  |w 2014-03-22  |y BK